000 01033nam a2200265Ia 4500
003 OSt
005 20221005104210.0
006 a|||||r|||| 00| 0
007 ta
008 221004b |||||||| |||| 00| 0 hin d
020 _a9788183152815 (hbk)
_c600
024 _a25099
037 _b310, 25/02/2016, Vidyanidhi Prakashan
_cTextual
040 _aCRL
_cCRL
_bhin
041 _2hin
_ahin
082 _aY:1.2, 152Q6
100 _aश्रीवत्स, सत्यपाल
245 0 _aभारतीय संस्कृति के विविध आयाम
246 _aBhāratīya sanskṛuti ke vividh āyāma
260 _aदिल्ली
_bन्यू भारतीय बुक कॉरपोरेशन भारत
_c2016
300 _a222पृ0
_ccm.
650 _aभारतीय संस्कृति
_9157954
942 _hY:1.2, 152Q6
_cTEXL
_2cc
999 _c1012006
_d1012006